00669nam a22002297a 450000500170000001000420001702000260005903500130008503500140009803500170011203500130012903700130014203700170015503700180017208200140019010000200020424500540022426000310027827000830030930000280039250000190042020230309124029.0 a1516EN07 ENG-110899 ENG-136364 a9789351432487c495.00 aEN-94431 aEN-119896 aB-611551-576 aB-663865 bDBAD/PUB bUBH/VenaDPL bBookwellaDpl a346.54086 aRastogi, Sachin aInsurance law and principles /cby Sachin Rastogi aGurgaonbLexis Nexisc2014 a14th Floor, Building No.10, Tower-B, DLF Cyber City, Phase-IIbGurgaone122002 axxxii,556p. c25cm(pbk) aIncludes index